LEADER 01735oam 2200481 450 001 9910706276503321 005 20190201102638.0 035 $a(CKB)5470000002455670 035 $a(OCoLC)74215213 035 $a(EXLCZ)995470000002455670 100 $a20060214j200510 ua 0 101 0 $aeng 135 $aurbn||||||||| 181 $ctxt$2rdacontent 182 $cc$2rdamedia 183 $acr$2rdacarrier 200 14$aThe IAU resolutions on astronomical reference systems, time scales, and earth rotation models: explanation and implementation /$fby George H. Kaplan 210 1$aWashington, D.C. :$cUnited States Naval Observatory,$dOctober 2005. 215 $a1 online resource (2 volumes) $cillustrations 225 1 $aUnited States Naval Observatory circular ;$vno. 179 300 $a"2005 Oct 20." 300 $aIncludes tables and errata & updates. 320 $aIncludes bibliographical references (pages 82-87) and index. 517 $aIAU resolutions on astronomical reference systems, time scales, and earth rotation models 606 $aAstronomical constants 606 $aTime$xSystems and standards 607 $aEarth (Planet)$xRotation 615 0$aAstronomical constants. 615 0$aTime$xSystems and standards. 700 $aKaplan$b George H.$01399299 712 02$aUnited States Naval Observatory, 801 0$bPUL 801 1$bPUL 801 2$bOCLCQ 801 2$bOCLCO 801 2$bOCLCA 801 2$bOCLCQ 801 2$bOCLCF 801 2$bGPO 906 $aBOOK 912 $a9910706276503321 996 $aThe IAU resolutions on astronomical reference systems, time scales, and earth rotation models: explanation and implementation$93464248 997 $aUNINA LEADER 01388nas 2200457 n 450 001 996209733903316 005 20240413021236.0 011 $a1878-6901 035 $a(OCoLC)59223205 035 $a(CKB)954928591994 035 $a(CONSER) 2006233065 035 $a(DE-599)ZDB0888-0786 035 $a(EXLCZ)99954928591994 100 $a19860421b19871997 sy 101 0 $aeng 135 $aurmnu||||| 181 $ctxt$2rdacontent 182 $cc$2rdamedia 183 $acr$2rdacarrier 200 10$aSerodiagnosis and immunotherapy in infectious disease 210 $aLondon $cAcademic Press$dc1987- 300 $aTitle from contents screen (ScienceDirect, viewed Jan. 5, 2006). 300 $aPublished: Oxford : Butterworth-Heinemann, Ltd., 1993- 300 $aRefereed/Peer-reviewed 311 $a0888-0786 606 $aCommunicable diseases$vPeriodicals 606 $aCommunicable Diseases 606 $aImmunotherapy 606 $aSerologic Tests 606 $aMaladies infectieuses$vPe?riodiques 608 $aPeriodical. 615 0$aCommunicable diseases 615 02$aCommunicable Diseases. 615 02$aImmunotherapy. 615 02$aSerologic Tests. 615 6$aMaladies infectieuses 676 $a616 906 $aJOURNAL 912 $a996209733903316 996 $aSerodiagnosis and immunotherapy in infectious disease$91890861 997 $aUNISA